Život zítra - tragedie nebo harmonie

Bibliographic Details
Main Author: Adabašev, Igor I. (Author)
Other Authors: Procházka, Ivo (Translator), Procházková, Drahomíra (Translator)
Format: Book
Language:Czech
PhysicalDescription:313, [3] s. 21 cm
Published: Praha Svoboda 1978
Edition:1. upr. a dopl. vyd.

MARC

LEADER 00000nam a2200000 a 4500
001 vtls001142529
003 SK-MaSNL
005 20260301111900.0
008 250414s1978 CS 0 cze
035 |a SNK000085382 
040 |a SNK  |b slo  |c SNK  |e AACR2 
041 0 |a cze 
044 |a [CS] 
080 |a 502.3:62.001  |2 1981 
080 |a 62.001  |2 1981 
100 1 |a Adabašev, Igor I.  |4 aut  |9 451747 
245 1 0 |a Život zítra - tragedie nebo harmonie  |c Igor I. Adabašev ; Přel. Ivo Procházka, Drahomíra Procházková 
250 |a 1. upr. a dopl. vyd. 
260 |a Praha  |b Svoboda  |c 1978 
300 |a 313, [3] s.  |c 21 cm 
700 1 |a Procházka, Ivo  |4 trl  |9 451748 
700 1 |a Procházková, Drahomíra  |4 trl  |9 451749 
852 |a Slovenská národná knižnica 
954 |a prostredie životné  |a rozvoj vedeckotechnický 
958 |a OND 
968 |d Z rus. orig. 
999 |c 708713  |d 710643 
952 |t P60, <04>, [BOOK], {604}  |a SNK  |b SNK  |y VYP  |7 0  |p 17A0317845  |o snkIC 74663  |i snkKIP 9311/78  |0 0  |1 0  |4 0  |d 2001-10-12  |l 0  |r 2005-01-01 00:00:00  |w 2026-02-23